• 首页
  • 本馆介绍
  • 公告通知
  • 最新文献
  • 馆藏检索
  • 电子资源
  • 读者导购
  • 参考咨询
  • 我的图书馆
  • 登录
  • 详细信息显示
  • 放入我的书架
  • 预约/预借图书
  • 作者相关作品
  • 分类相关作品
  • 丛书相关作品
  • 出版社相关作品

书目信息

  • 表格格式
  • 工作单格式
  • 卡片格式
题名:
陶庵梦忆
    
 
作者: 张岱 著 ;李妍 译
分册:  
出版信息: 沈阳   万卷出版公司  2016
页数: 335页
开本: 25cm
丛书名:
单 册:
中图分类: K248.066
科图分类:
主题词: 笔记--中国--明代
电子资源:
ISBN: 978-7-5470-4078-2
000 00884nam0 2200241 450
001 012001005117
005 20141007153406.0
010    @a978-7-5470-4078-2@b精装@dCNY36.00
100    @a20160510d2016 em y0chiy50 ea
101 0  @achi
102    @aCN@b210000
105    @ay z 000yy
106    @ar
200 1  @a陶庵梦忆@9tao an meng yi@b专著@e精装典藏本@f(明)张岱著@g李妍译
210    @a沈阳@c万卷出版公司@d2016
215    @a335页@d25cm
330    @a《陶庵梦忆》是明代散文大家张岱的传世名作之一,全书共8卷,所记的大多是作者亲身经历过的世间杂事:歌馆楼台、园林池泽、戏曲声乐、奇花异木、节俗游艺等,是一幅深刻描绘晚明社会生活风貌的历史画卷。本书对《陶庵梦忆》进行了注释和评点。
606 0  @a笔记@y中国@z明代
690    @aK248.066@v5
701  0 @c(明)@a张岱@9zhang dai@4著
702  0 @a李妍@9li yan@4译
801  0 @aCN@b上海新华@c20180901
905    @b1172708-12@dK248.066@e130@f5
    
    陶庵梦忆:精装典藏本/(明)张岱著/李妍译.-沈阳:万卷出版公司,2016
    335页;25cm
    
    
    ISBN 978-7-5470-4078-2(精装):CNY36.00
    《陶庵梦忆》是明代散文大家张岱的传世名作之一,全书共8卷,所记的大多是作者亲身经历过的世间杂事:歌馆楼台、园林池泽、戏曲声乐、奇花异木、节俗游艺等,是一幅深刻描绘晚明社会生活风貌的历史画卷。本书对《陶庵梦忆》进行了注释和评点。
●
相关链接 在E读中查询图书 在五车中查询图书 在当当中查询图书 在豆瓣中查询图书


正题名:陶庵梦忆     索取号:K248.066/130         预约/预借

序号 登录号 条形码 馆藏地/架位号 状态 备注
1 1172708   211727087   第二样本阅览室/ [索取号:K248.066/130] 在馆    
2 1172709   211727096   第二借阅区/ [索取号:K248.066/130] 在馆    
3 1172710   211727103   第二借阅区/ [索取号:K248.066/130] 在馆    
4 1172711   211727112   密集书库-海洋学院/ [索取号:K248.066/130] 在馆    
5 1172712   211727121   第二借阅区/ [索取号:K248.066/130] 在馆    
唐山师范学院图书馆 欢迎您!
大连网信软件有限公司© 版权所有